Statistics for Famous Ocean Liners

Click here to take the quiz!

General Stats

  • This quiz has been taken 427 times
    (361 since last reset)
  • The average score is 8 of 14

Answer Stats

Original CompanyOperational yearsFateName% Correct
White Star1912-1912Struck iceberg, sankRMS Titanic
94%
Cunard1907-1915Torpedoed, sankRMS Lusitania
88%
Cunard1936-1967Floating hotel, Long BeachRMS Queen Mary
82%
White Star1911-1935ScrappedRMS Olympic
78%
Cunard1946-1968Destroyed by fireRMS Queen Elizabeth
70%
United States Lines1952-1969Moored, PhiladelphiaSS United States
70%
Cunard1907-1934ScrappedRMS Mauretania
66%
United States Lines1940-1979Beached, wreckedSS America
58%
C.G.T. (Transat)1935-1942Destroyed by fireSS Normandie
52%
Cunard1903-1918Torpedoed, sankRMS Carpathia
50%
C.G.T. (Transat)1912-1935Destroyed by fireSS France
37%
Norddeutscher Lloyd1929-1941Destroyed by fireSS Bremen
35%
Hamburg America Line1900-1925ScrappedSS Deutschland
19%
Norddeutscher Lloyd1903-1919ScrappedSS Kronprinz Wilhelm
6%

Score Distribution

Percentile by Number Answered

Percent of People with Each Score

Your Score History

You have not taken this quiz since the last reset